|
|
|
|
| LEADER |
01258nam a2200301 a 4500 |
| 001 |
24380 |
| 003 |
BD-DhAAL |
| 008 |
310112s2011 enk 000 0 eng d |
| 010 |
|
|
|a 2011410480
|
| 020 |
|
|
|a 9780719085772
|
| 020 |
|
|
|a 0719085772
|
| 040 |
|
|
|a DLC
|c DLC
|d BD-DhAAL
|
| 042 |
|
|
|a pcc
|
| 082 |
0 |
4 |
|a 320.6
|2 22
|
| 245 |
0 |
0 |
|a History, historians and development policy :
|b a necessary dialogue /
|c edited by C.A. Bayly ... [et al.].
|
| 264 |
|
|
|a Manchester :
|b Manchester Univ Press,
|c 2011.
|
| 300 |
|
|
|a xii, 276 pages :
|b illustrations ;
|c 24 cm.
|
| 541 |
1 |
|
|e 00024381
|
| 650 |
|
0 |
|a Policy sciences.
|
| 650 |
|
0 |
|a History.
|
| 650 |
|
0 |
|a Social sciences and history.
|9 56406
|
| 650 |
|
0 |
|a Political science
|x Decision making.
|9 56407
|
| 700 |
1 |
|
|a Bayly, C. A.
|q (Christopher Alan)
|
| 852 |
1 |
|
|a Ayesha Abed library
|c General Stacks
|
| 942 |
|
|
|2 ddc
|c BK
|
| 999 |
|
|
|c 11829
|d 11829
|
| 952 |
|
|
|0 0
|1 0
|2 ddc
|4 0
|6 320_600000000000000_HIS
|7 0
|9 19326
|a BRACUL
|b BRACUL
|c GEN
|d 2012-01-31
|e Karim International
|g 2200.00
|l 3
|m 1
|o 320.6 HIS
|p 3010024381
|r 2014-10-01
|s 2014-06-04
|t 2
|w 2012-01-31
|y BK
|
| 952 |
|
|
|0 0
|1 0
|2 ddc
|4 0
|6 320_600000000000000_HIS
|7 0
|9 19327
|a BRACUL
|b BRACUL
|c GEN
|d 2012-01-31
|e Karim International
|g 2200.00
|l 0
|o 320.6 HIS
|p 3010024380
|r 2012-01-31
|t 1
|w 2012-01-31
|y BK
|